000 00656nam a2200241Ia 4500
003 OSt
005 20221007104628.0
006 a|||||r|||| 00| 0
007 ta
008 221006b |||||||| |||| 00| 0 eng d
024 _a16,405
037 _cTextual
040 _aLCO
_cLCO
_beng
041 _2eng
_aeng
082 _aZ2,9298, L4
100 _aPrasad Vishnu
_9706156
245 0 _aAdministrative Tribunals in Action
260 _aNew
_bDelhi Oxford and IBH Publishing India
_c1974
300 _a240
650 _aADMINISTRATIVE TRIBUNALS
_9705670
942 _hZ2,9298, L4
_cTEXL
999 _c1185968
_d1185968